Statistics for 6 Major U.S. Political Scandals

Click here to take the quiz!

General Stats

  • This quiz has been taken 106 times
  • The average score is 5 of 6

Answer Stats

Political ScandalPolitician% Correct
WatergateRichard Nixon
99%
The Monica Lewinsky AffairBill Clinton
97%
Russian CollusionDonald Trump
87%
The Iran-Contra AffairRonald Reagan
76%
The Chappaquiddick IncidentTed Kennedy
49%
The Whitewater ControversyBill Clinton/Hillary Clinton
45%

Score Distribution

Percentile by Number Answered

Percent of People with Each Score

Your Score History

You have not taken this quiz